书目信息 |
| 书名: | Yesterday and today in the U.S.A | |
| 作者: | Anna Harris Live. | |
| 分册号: | ||
| 分册名: | 出版地: | ENGOEWOOD CLIFFS,NEWJEERSEY : |
|
| 出版社: | PRENTICE HALL | |
| 出版时间: | 1988. | |
| 页数: | lx, 277 p. ; | |
| 开本: | 26 cm. | |
| 丛书名: | ||
| 中图分类号: | ||
| 科图分类号: | ||
| 其他分类号: | H31 | |
| 主题词: | ||
| 电子资源: | ||
| 000 | 00747nam 2200265 4504 | |
| 001 | E0753545528 | |
| 005 | 20070225150003.90 | |
| 008 | 0303211988 nyua d 00110 eng | |
| 010 | @a79012265 | |
| 020 | @a0-13-971888-5. | |
| 040 | @aDLC@cDLC@dCIN | |
| 043 | @an-us--- | |
| 050 | 00 | @aE838.6@b.H62 |
| 082 | @a973.9 | |
| 090 | @aD872.253/W41 | |
| 090 | @aH31 | |
| 099 | @dH31@ex84=2 | |
| 100 | 1 | @aHochman, Stanley. |
| 245 | 10 | @aYesterday and today in the U.S.A / @cAnna Harris Live. |
| 250 | @a2th ed. | |
| 260 | 0 | @aENGOEWOOD CLIFFS,NEWJEERSEY :@bPRENTICE HALL,@c1988. |
| 300 | @alx, 277 p. ;@c26 cm. | |
| 500 | @aIncludes index. | |
| 651 | 0 | @aUnited States@xHistory@y1945-@xDictionaries. |
| 920 | @a232010@z2 | |
| Yesterday and today in the U.S.A / / Anna Harris Live.-2th ed.-ENGOEWOOD CLIFFS,NEWJEERSEY : : PRENTICE HALL, , 1988. |
| lx, 277 p. ; ; 26 cm. |
| Includes index. |
| ISBN 0-13-971888-5. |
| ● |
| 相关链接 |
|
|
|
|
正题名:Yesterday and today in the U.S.A
索取号:H31/x84=2
 
预约/预借
| 序号 | 登录号 | 条形码 | 馆藏地/架位号 | 状态 | 备注 |
| 1 | 184237 | 001155984 | 第二样本阅览室/ [索取号:H31/x84=2] | 在馆 | |
| 2 | 184238 | 001155966 | 第四借阅区/ [索取号:H31/x84=2] | 在馆 |